000 00666nam a2200253Ia 4500
005 20260121153833.0
008 008 260114s9999 xx 000 0 eng d
020 _a9780429100529
037 _aEBOOK
040 _aCRL
040 _beng
040 _cCRL
041 _2eng
041 _aeng
084 _qCRL
100 _aJairton Dupont; Toshiyuki Itoh; Sanjay Malhotra; Pedro Lozano
_9999754
245 0 _aEnvironmentally Friendly Syntheses Using Ionic Liquids
260 _bTaylor and Francis
260 _c2015
856 _uhttp://www.taylorfrancis.com/books/9780429100529
942 _cEBOOK
999 _c1566575
_d1566575